| 000 | 01068nam a2200241Ia 4500 | ||
|---|---|---|---|
| 003 | Ost | ||
| 005 | 20260507075240.0 | ||
| 008 | 260507s9999||||xx |||||||||||||| ||und|| | ||
| 040 | _cfsecg | ||
| 041 | _aara | ||
| 082 | _a330 | ||
| 100 |
_aعبوي، زيد منير _eمؤلف |
||
| 245 | 0 |
_aالقيادة و دورها في العملية الادارية / _c زيد منير عبوي |
|
| 260 |
_aعمان: _bدار البداية, _c2007 |
||
| 300 |
_a192 صفحة؛ _bإيضاحات ؛ _c24 سم |
||
| 504 | _aمراجع ص.187 | ||
| 520 | _aمدخل إلى القيادة ، القيادة الإدارية ، اتجاهات القيادة و الادارة ، القيادة مقابل الادارة ، القيادة الهرمية مقابل الخادمية ، القائد و صناعة القرارا و دوره في ادارة الازمات ، بنية القائد. | ||
| 653 | _aإدارة الاعمال | ||
| 653 | _aإدارة الافراد | ||
| 653 | _aالادارة العامة | ||
| 653 | _aالقيادة | ||
| 942 | _cكتاب | ||
| 999 |
_c43618 _d43618 |
||